University Home | Library Home | Institutional Repository

The American prison system. (Record no. 180503)

MARC details
000 -LEADER
fixed length control field 00600cam0a220020500 4500
001 - CONTROL NUMBER
control field tmp15445615
003 - CONTROL NUMBER IDENTIFIER
control field UPRA
005 - DATE AND TIME OF LATEST TRANSACTION
control field 20190830095316.0
008 - FIXED-LENGTH DATA ELEMENTS--GENERAL INFORMATION
fixed length control field 950816s1920 oru eng u
035 ## - SYSTEM CONTROL NUMBER
System control number (Sirsi) r108771
035 ## - SYSTEM CONTROL NUMBER
System control number (UPRA)tmp15445615
040 ## - CATALOGING SOURCE
Transcribing agency UPRA
100 1# - MAIN ENTRY--PERSONAL NAME
Personal name Webb, Jesse P.
Linkage A67646.1
245 14 - TITLE STATEMENT
Title The American prison system.
260 ## - PUBLICATION, DISTRIBUTION, ETC.
Place of publication, distribution, etc. Salem, OR :
Name of publisher, distributor, etc. O.S.P. Printery,
Date of publication, distribution, etc. [c1920]
650 #0 - SUBJECT ADDED ENTRY--TOPICAL TERM
Topical term or geographic name entry element Prices -- United States.
Geographic subdivision Prices -- United States.
Linkage S51792.1
949 ## - LOCAL PROCESSING INFORMATION (OCLC)
a HV9469
w lcc
i -155109
m MAIN
t BOOK
l ON-SHELF
987 ## - LOCAL ROMANIZATION/CONVERSION HISTORY (OCLC)
Romanization/conversion identifier 650 : typo?
Agency that converted, created or reviewed Prices?

No items available.

© 2026 - The University of Zambia Library - Koha v25.11